Electrical Engg. (Record no. 965680)

MARC details
000 -LEADER
fixed length control field 00257nam a2200109Ia 4500
008 - FIXED-LENGTH DATA ELEMENTS--GENERAL INFORMATION
fixed length control field 231212s1998 xx 000 0 und d
041 ## - LANGUAGE CODE
Language code of text/sound track or separate title eng
082 ## - DEWEY DECIMAL CLASSIFICATION NUMBER
Classification number 623.380422
100 ## - MAIN ENTRY--PERSONAL NAME
Personal name Choudhary M.A.
245 ## - TITLE STATEMENT
Title Electrical Engg.
260 ## - PUBLICATION, DISTRIBUTION, ETC.
Place of publication, distribution, etc. Pune
Name of publisher, distributor, etc. Laxmi P
Date of publication, distribution, etc. 1998
Holdings
Withdrawn status Lost status Damaged status Not for loan Home library Current library Date acquired Cost, normal purchase price Total Checkouts Full call number Barcode Date last seen Price effective from Koha item type
        Institute of Technology (Poly) , Navi Mumbai Institute of Technology (Poly) , Navi Mumbai 13/12/2023 300.00   623.380422 ITM-P-8532 13/12/2023 13/12/2023 Book